Coureurs de l'équipe cycliste Bora-Hansgrohe 2022 - Statistiques

Statistiques générales
  • Ce quiz a été pris 67 fois
  • Le résultat moyen est 13 sur 30
Statistiques - réponses
Nat Coureur % Correct
🇷🇺 Aleksandr Vlasov
82%
🇮🇪 Sam Bennett
81%
🇩🇪 Emanuel Buchmann
70%
🇦🇺 Jai Hindley
70%
🇦🇹 Patrick Konrad
70%
🇩🇪 Lennard Kämna
68%
🇨🇴 Sergio Higuita
68%
🇩🇪 Maximilian Schachmann
63%
🇦🇹 Felix Grosschartner
61%
🇩🇪 Nils Politt
54%
🇳🇱 Danny van Poppel
53%
🇳🇱 Wilco Kelderman
51%
🇧🇪 Jordi Meeus
42%
🇮🇹 Giovanni Aleotti
40%
🇵🇱 Cesare Benedetti
39%
🇮🇪 Ryan Mullen
39%
🇦🇹 Marco Haller
37%
🇦🇹 Lukas Pöstlberger
35%
🇪🇪 Martin Laas
32%
🇮🇹 Matteo Fabbro
30%
🇦🇹 Patrick Gamper
30%
🇳🇱 Ide Schelling
28%
🇦🇺 Shane Archbold
28%
🇩🇪 Anton Palzer
26%
🇩🇪 Ben Zwiehoff
26%
🇩🇰 Frederik Wandahl
21%
🇧🇪 Cian Uijtdebroeks
19%
🇩🇪 Jonas Koch
19%
🇬🇧 Matthew Walls
16%
🇩🇪 Luis-Joe Lührs
12%
Aucun quiz correspondant
Distribution des résultats
% des personnes avec chaque résultat
Percentile par nombre de réponses
Votre historique - résultats
Vous n’avez pas pris ce quiz